Państwa Europy z największym procentem gór - Statystyki

Ogólne statystyki
  • Ten quiz został rozwiązany 45 razy
  • Średni wynik to 8 z 10
Statystyki odpowiedzi
Hint Odpowiedź % Poprawnych
68% Austria
93%
82% Słowacja
93%
72% Słowenia
90%
73% Norwegia
80%
81% Grecja
73%
80% Czarnogóra
71%
72% Albania
68%
66% Kosowo
66%
71% Serbia
66%
80% Islandia
54%
Nie znaleziono quizów pasujących do podanych kryteriów
Rozkład punktacji
Procent ludzi z każdym wynikiem
Percentyl według liczby udzielonych odpowiedzi
Twoja historia wyników
Nie rozwiązałeś tego quizu